00691nam a2200229 i 450000100060000000300080000600500170001400800410003102000290007203500190010104000230012004100080014308200260015110000100017724500940018725000120028126000320029330000330032550400300035865000540038870000190044236148BD-RjUL20211209052436.0140617s1976 enka b 000 0 eng d a0333197968 :a0333197976 a(BD-RjUL)36245 aDLCcDLCdDLCbeng aeng00a320.5920941bSTU 1976 d1933-10aStudies in British politics :ba reader in political sociology /cedited by Richard Rose. a3rd ed. aLondon :bMacmillan,c1976. axi, 547 p. :bill. ;c23 cm. aBibliography: p. 511-547. aGreat Britain -- Politics and government -- 1945- aRose, Richard,